000 00446nam a2200157 4500
001 46095
090 _a46095
100 _a20260508 pory50
101 _apor
102 _aPT
200 _aSobrevivencia da primitiva Roda de Oleiro em Portugal
_dPortugalia:materiaes para o estudo do povo portuguez
_fRocha Peixoto
210 _aPorto
_cImprensa Portuguesa
_d1905
215 _ap. 3-7
_cil.
675 _a738(469)
801 _aPT
_gRPC
990 _cLIVROS